01509 2200649 4500001002100000008004100021035002000062245004600082100001700128250000600145260003000151300002600181020002200207084001400229082000800243650000800251990001500259990001500274990001500289990001500304990001500319990001500334990001500349990001500364990001500379990001500394990001500409990001500424990001500439990001500454990001500469990001500484990001500499990001500514990001500529990001500544990001500559990001500574990001500589990001500604990001500619990001500634990001500649990001500664990001500679990001500694990001500709990001500724990001500739990001500754990001500769990001500784990001500799990001500814990001500829990001500844INLIS000000000003379 ind  a0010-0526000002 aX-Press TKA Bahasa IndonesiacImam Taufik aTaufik, Imam a1 aJakarta :bErlanggac2025 a140 hlmc21 x 25.5 cm a978-623-522-885-3 a401 IMA x a401 aTKA a19961/B/26 a19962/B/26 a19963/B/26 a19964/B/26 a19965/B/26 a19966/B/26 a19967/B/26 a19968/B/26 a19969/B/26 a19970/B/26 a19971/B/26 a19972/B/26 a19973/B/26 a19974/B/26 a19975/B/26 a19976/B/26 a19977/B/26 a19978/B/26 a19979/B/26 a19980/B/26 a19981/B/26 a19982/B/26 a19983/B/26 a19984/B/26 a19985/B/26 a19986/B/26 a19987/B/26 a19988/B/26 a19989/B/26 a19990/B/26 a19991/B/26 a19992/B/26 a19993/B/26 a19994/B/26 a19995/B/26 a19996/B/26 a19997/B/26 a19998/B/26 a19999/B/27 a20000/B/28